Cronología de la Política Exterior de Costa Rica: Julio a Diciembre de 1995 /

Guardat en:
Dades bibliogràfiques
Autor principal: Herrera Herrera, Carlos Eduardo
Format: Text
Matèries:
Etiquetes: Afegir etiqueta
Sense etiquetes, Sigues el primer a etiquetar aquest registre!

MARC

LEADER 00000 a a2200000 04500
001 13936
003
040
100 |a Herrera Herrera, Carlos Eduardo  
245 |a Cronología de la Política Exterior de Costa Rica:   |b Julio a Diciembre de 1995 /  |c Carlos Eduardo Herrera Herrera 
650 |a POLITICA EXTERIOR  
650 |a RELACIONES INTERNACIONALES  
650 |a DIPLOMACIA  
773 |g número 55; páginas 71-116  
999 |c 21808  |d 21808